Score 0/10 Timer 01:00
1 Play Today
% Correct
United States
96.1%
Cuba
92.5%
Canada
84.3%
Argentina
75.3%
Venezuela
69.7%
Haiti
64.5%
Nicaragua
53.7%
Grenada
52.1%
Mexico
44.1%
Brazil
37.5%

Today's Daily Dose

Remove Ads.
Support Sporcle.
Get the best of Sporcle when you Go Orange. This ad-free experience offers more features, more stats, and more fun while also helping to support Sporcle. Thank you for becoming a member.

You're not logged in!

Compare scores with friends on all Sporcle quizzes.
OR
Log In

Show Comments

Extras

Top Quizzes Today


Score Distribution

Your Account Isn't Verified!

In order to create a playlist on Sporcle, you need to verify the email address you used during registration. Go to your Sporcle Settings to finish the process.

Report this User

Report this user for behavior that violates our Community Guidelines.

Details: